Russia and Europe : (Record no. 15604)
[ view plain ]
| 000 -LEADER | |
|---|---|
| fixed length control field | 01563cam a2200373 a 4500 |
| 001 - CONTROL NUMBER | |
| control field | 4499149 |
| 005 - DATE AND TIME OF LATEST TRANSACTION | |
| control field | 20170105102921.0 |
| 008 - FIXED-LENGTH DATA ELEMENTS--GENERAL INFORMATION | |
| fixed length control field | 970407s1997 sw b b 001 0 eng d |
| 010 ## - LIBRARY OF CONGRESS CONTROL NUMBER | |
| LC control number | 97180593 |
| 020 ## - INTERNATIONAL STANDARD BOOK NUMBER | |
| International Standard Book Number | 0198292015 |
| 035 ## - SYSTEM CONTROL NUMBER | |
| System control number | (OCoLC)36689295 |
| 040 ## - CATALOGING SOURCE | |
| Original cataloging agency | CLSU |
| Transcribing agency | CLSU |
| Modifying agency | DLC |
| 042 ## - AUTHENTICATION CODE | |
| Authentication code | lccopycat |
| 043 ## - GEOGRAPHIC AREA CODE | |
| Geographic area code | e-ur--- |
| -- | e------ |
| -- | e-ur-ru |
| 050 00 - LIBRARY OF CONGRESS CALL NUMBER | |
| Classification number | D1065.R9 |
| Item number | R864 1997 |
| 082 00 - DEWEY DECIMAL CLASSIFICATION NUMBER | |
| Classification number | 327.4704 |
| Edition number | 21 |
| 245 00 - TITLE STATEMENT | |
| Title | Russia and Europe : |
| Remainder of title | the emerging security agenda / |
| Statement of responsibility, etc. | edited by Vladimir Baranovsky. |
| 260 ## - PUBLICATION, DISTRIBUTION, ETC. | |
| Place of publication, distribution, etc. | Stockholm : |
| Name of publisher, distributor, etc. | Sipri ; |
| Place of publication, distribution, etc. | Oxford ; |
| -- | New York : |
| Name of publisher, distributor, etc. | Oxford University Press, |
| Date of publication, distribution, etc. | 1997. |
| 300 ## - PHYSICAL DESCRIPTION | |
| Extent | xviii, 582 p. : |
| Other physical details | maps ; |
| Dimensions | 24 cm. |
| 504 ## - BIBLIOGRAPHY, ETC. NOTE | |
| Bibliography, etc. note | Includes bibliographical references and index. |
| 650 #0 - SUBJECT ADDED ENTRY--TOPICAL TERM | |
| Topical term or geographic name entry element | National security |
| Geographic subdivision | Russia (Federation) |
| 650 #0 - SUBJECT ADDED ENTRY--TOPICAL TERM | |
| Topical term or geographic name entry element | National security |
| Geographic subdivision | Europe. |
| 651 #0 - SUBJECT ADDED ENTRY--GEOGRAPHIC NAME | |
| Geographic name | Russia (Federation) |
| General subdivision | Foreign relations |
| Geographic subdivision | Europe. |
| 651 #0 - SUBJECT ADDED ENTRY--GEOGRAPHIC NAME | |
| Geographic name | Europe |
| General subdivision | Foreign relations |
| Geographic subdivision | Russia (Federation) |
| 651 #0 - SUBJECT ADDED ENTRY--GEOGRAPHIC NAME | |
| Geographic name | Russia (Federation) |
| General subdivision | Foreign relations |
| Geographic subdivision | Former Soviet republics. |
| 651 #0 - SUBJECT ADDED ENTRY--GEOGRAPHIC NAME | |
| Geographic name | Former Soviet republics |
| General subdivision | Foreign relations |
| Geographic subdivision | Russia (Federation) |
| 651 #0 - SUBJECT ADDED ENTRY--GEOGRAPHIC NAME | |
| Geographic name | Russia (Federation) |
| General subdivision | Politics and government |
| Chronological subdivision | 1991- |
| 700 1# - ADDED ENTRY--PERSONAL NAME | |
| Personal name | Baranovskiĭ, V. G. |
| Fuller form of name | (Vladimir Georgievich) |
| 710 2# - ADDED ENTRY--CORPORATE NAME | |
| Corporate name or jurisdiction name as entry element | Stockholm International Peace Research Institute. |
| 856 42 - ELECTRONIC LOCATION AND ACCESS | |
| Materials specified | Publisher description |
| Uniform Resource Identifier | <a href="http://www.loc.gov/catdir/enhancements/fy0606/97180593-d.html">http://www.loc.gov/catdir/enhancements/fy0606/97180593-d.html</a> |
| 906 ## - LOCAL DATA ELEMENT F, LDF (RLIN) | |
| a | 7 |
| b | cbc |
| c | copycat |
| d | 2 |
| e | ncip |
| f | 19 |
| g | y-gencatlg |
| 942 ## - ADDED ENTRY ELEMENTS (KOHA) | |
| Source of classification or shelving scheme | |
| Koha item type | Book |
| Withdrawn status | Lost status | Damaged status | Not for loan | Collection code | Permanent Location | Current Location | Shelving location | Date acquired | Total Checkouts | Full call number | Barcode | Date last seen | Price effective from | Koha item type |
|---|---|---|---|---|---|---|---|---|---|---|---|---|---|---|
| Centre for International Peace & Stability (CIPS) | Centre for International Peace & Stability (CIPS) | General Stacks | 10/02/2013 | 327.4704 RUS 1997 | CIPS0001855 | 12/06/2013 | 12/06/2013 | Book |
